Women in action.

Saved in:
நூற்பட்டியல் விவரங்கள்
முந்தைய தலைப்பு:Women's international bulletin
குழும எழுத்தாளர்கள்: Isis International., Isis International (Manila, Philippines)
வடிவம்: சஞ்சிகை
மொழி:English
வெளியீடப்பட்டது: Rome : Isis International, 1984-
பகுதிகள்:
நிகழ்நிலை அணுகல்:http://www.softlineweb.com/softlineweb/genderw.htm
http://bibpurl.oclc.org/web/21085
குறியீடுகள்: குறிச்சொல் இணை
குறியீடுகள் இல்லை, இந்த குறிச்சொல்லை முதலில் பதிவு செய்யுங்கள்!
LEADER 03844cas a2200841 a 4500
001 13014489
005 20180124132519.0
008 850325c19849999ph tr p 0 0eng c
010 |a  91660260   |z sn 85023904  
012 |a 2 
016 7 |a 101085713  |2 DNLM 
019 |a 992316261 
029 1 |a NLM  |b 101085713 
029 1 |a NLGGC  |b 844280925 
029 1 |a NZ1  |b 5009505 
029 1 |a NZ1  |b 9724320 
029 1 |a AU@  |b 000004331393 
035 |a (OCoLC)ocm11845476 
035 |a (OCoLC)11845476  |z (OCoLC)992316261 
035 |a (NNC)13014489 
040 |a AZS  |b eng  |c AZS  |d PIT  |d HUL  |d NST  |d HUL  |d NST  |d HUL  |d NST  |d DLC  |d NST  |d ELM  |d NST  |d DLC  |d CLU  |d HLS  |d CUS  |d SYS  |d DLC  |d NLM  |d CUV  |d OCLCQ  |d OCLCF  |d OCL 
042 |a pcc 
050 0 0 |a HQ1101  |b .W749 
082 0 0 |a 305.42/05  |2 20 
130 0 |a Women in action (Rome, Italy) 
245 1 0 |a Women in action. 
246 1 3 |a Women's journal supplement 
246 1 3 |a WIA  |f <2007-> 
260 |a Rome :  |b Isis International,  |c 1984- 
300 |a v. :  |b ill. ;  |c 25-28 cm. 
310 |a 3 no. a year,  |b 1995- 
321 |a Semiannual,  |b 1984-1986 
321 |a Four no. a year,  |b 1987-1994 
362 0 |a N. 1 (June 1984)-n. 6 (Dec. 1986); 1987/1 (Mar. 1987)- 
500 |a Title from cover. 
500 |a Published: Quezon City, Philippines, 1991- 
515 |a Whole numbering ceased with no. 6 (1986). Beginning with issues for 1987-, issues are marked by year and the numbering begins each year with 1. 
530 |a Also issued online. 
550 |a Published by: 1984-1990, Isis International; 1991-, Isis International-Manila. 
580 |a Supplement to: Isis International women's journal, 1984-1986; supplement to: Book series (Isis International), 1987- 
588 |a Latest issue consulted: 2007, no. 1. 
650 0 |a Women  |v Periodicals. 
650 0 |a Feminism  |v Periodicals. 
650 0 |a Women  |x Social conditions  |v Periodicals. 
650 0 |a Women  |x Social networks  |v Periodicals. 
650 0 |a Women in development  |v Periodicals. 
650 0 |a Women in mass media  |v Periodicals. 
650 7 |a Feminism.  |2 fast  |0 (OCoLC)fst00922671 
650 7 |a Women in mass media.  |2 fast  |0 (OCoLC)fst01177920 
650 7 |a Women.  |2 fast  |0 (OCoLC)fst01176568 
650 7 |a Women in development.  |2 fast  |0 (OCoLC)fst01177865 
650 7 |a Women  |x Social conditions.  |2 fast  |0 (OCoLC)fst01176947 
650 7 |a Women  |x Social networks.  |2 fast  |0 (OCoLC)fst01176966 
655 7 |a Periodicals.  |2 fast  |0 (OCoLC)fst01411641 
710 2 |a Isis International. 
710 2 |a Isis International (Manila, Philippines) 
730 0 |a Isis International women's journal. 
730 0 |a Book series (Isis International) 
772 1 |t Isis International women's journal  |w (DLC)sn 85023985  |w (OCoLC)11526139 
772 1 |t Book series (Isis International)  |w (DLC)sn 88018084  |w (OCoLC)18215452 
775 0 |i Also issued in a Spanish ed.:  |t Women in action (Rome, Italy). Spanish. Mujeres en acciâon  |x 0716-8497  |w (DLC)sn 92030476  |w (OCoLC)26147806 
776 1 |t Women in action (Quezon City, Philippines : Online)  |w (OCoLC)38921054 
776 0 8 |i Online version:  |t Women in action (Rome, Italy)  |w (OCoLC)682376339 
780 0 1 |t Women's international bulletin  |w (DLC)sc 84007447  |w (OCoLC)9662823 
850 |a AzU  |a CLU  |a CU-Riv  |a CaMWUC  |a CaSSU  |a CoU  |a DLC  |a IEN  |a IaU  |a MBU  |a MCR-S  |a MH  |a MdU  |a MiU  |a NN  |a NSyU  |a NjP  |a NjR  |a OCU  |a OU  |a OrCS  |a PPiU  |a ViBlbV  |a ViU  |a WM 
856 4 1 |u http://www.softlineweb.com/softlineweb/genderw.htm 
856 4 1 |u http://bibpurl.oclc.org/web/21085  |u http://www.isiswomen.org/index.php?option=com_content&task=view&id=382&Itemid=206 
891 0 0 |9 853  |8 1  |a (year)  |b no.  |u 4 
891 4 0 |9 863  |8 1  |a <1984>-  |x provisional 
891 0 0 |9 853  |8 2  |a (year)  |b no.  |u 3 
891 4 0 |9 863  |8 2  |a <1995>-  |x provisional 
852 0 1 |b bar,bda  |h HQ1101  |i .W749  |z BCRW Periodical Archive 
866 4 1 |8 0  |a no. 1-6 (1984-1986), 1987:1-4